000 00948nab a2200277 u 4500
001 19862
003 HDC
007 cr bn ---aaaaa
008 210221b20110209 d||no |||| 00| 0 eng d
040 _aHDC
100 _aArshad Majid,
_918119
245 0 _aCanada: Halal meat carving out niche market in growing Muslim community
260 _aUnited Kingdom,
_bHalalFocus,
_c2011
300 _a1 online resource
336 _atext
_2rdacontent
337 _acomputer
_2rdamedia
338 _aonline resource
_2rdacarrier
650 _aFood
_xreligious aspects
_xIslam
_9239
650 _aHalal food
_950
650 _aMeat industry
_xReligious aspects
_xIslam
_918118
710 _aHalal Focus,
_eissuing body
856 _zRequest full-text at [email protected]
942 _2lcc
942 _cNEWS
942 _kNWSO 005420
999 _c17178
_d17178